000
00292nam a2200109Ia 4500
008
220204s9999 xx 000 0 und d
082
_a
535.243
_b
POT.1
100
_a
Potts, W J
245
0
_a
Chemical infrared spectroscopy. V 1. Techniques
260
_a
New York
_b
John Wiley
_c
1963
942
_c
BK
999
_c
24455
_d
24455